Personajes de la mitología griega - Estadísticas

Estadísticas generales
  • Esta prueba ha sido intentada 163 veces
  • La puntuación promedio es 3 de 15
Estadísticas de respuestas
Definiciones Personajes % Correcto
Dios del rayo Zeus
99%
Barquero de los muertos Caronte
54%
Las de Atenea y las de Hermes tienen alas Sandalias
43%
Bruja amante de Jason y Egeo Medea
24%
La madre de Aquiles Tetis
22%
Monstruo que custodia Tebas Esfinge
20%
La isla donde nace la diosa de la belleza Chipre
14%
Lago del cual Heracles tiene que liquidar a un conjunto de aves Estinfalo
13%
Amante hombre de Zeus Ganimedes
13%
Nombre del guardián del árbol de las Hespérides Ladón
12%
Hijo de Medusa y Poseidón que no es pegaso Crisaor
6%
Mitad mujer mitad serpeinte Equidna
4%
Monstruo que ocasiona los agujeros en el carro de Serene Tifon
4%
Las gorgonas son: Medusa, Esteno y Euriale
3%
Perro de dos cabezas Ortro
3%
No se encontraron pruebas coincidentes
Distribución de puntuación
Porcentaje de gente con cada puntuación
Porcentaje por número respondido
Historial de tus puntuaciones
No has intentado esta prueba.